000 nam a22 7a 4500
999 _c129272
_d129272
008 190328b xxu||||| |||| 00| 0 eng d
020 _a9780415047951
050 _aRC455.4.L67 L4513 1991
100 _aLeick, Nini
_945439
245 _aHealing pain:
_battachment, loss and grief therapy
_c/ by Nini Leick and Mariane Davidsen-Nielsen
260 _aLondon:
_bRoutledge,
_c1991
300 _avii, 177p. ;
_c22cm.
650 _aGrief
_xpsychological aspects
_945440
650 _aBereavement
_xpsychological aspects
_945441
650 _aPsychotherapy
_945442
700 _a Davidsen-Nielsen, Marianne
_945443
942 _2lcc
_cMONOGRAPH